| 000 | 00524nam a22001931a 4500 | ||
|---|---|---|---|
| 001 | 4175 | ||
| 003 | OSt | ||
| 005 | 20260204211918.0 | ||
| 008 | 050730s1975||||mx ||||||b||||||||||spa|| | ||
| 050 | _a332.04 H229c | ||
| 100 | _aHarnecker, Marta | ||
| 245 | _aEl capital: conceptos fundamentales y manual de economía política / Marta Hamercker y Lapidus y Ostrovitianov | ||
| 250 | _a8 | ||
| 264 | _aMéxico: Siglo XXI | ||
| 300 | _a223 p | ||
| 650 | _a1.Capital | ||
| 700 | _aOstrovitianov, LopidusÌ | ||
| 942 |
_2ddc _cBK |
||
| 999 |
_c4175 _d4175 |
||